000 00604nam a22002057a 4500
003 OSt
005 20140310181803.0
008 130704t xxu||||| |||| 00| 0 eng d
020 _a9781858303772
050 _aQP 37
_b.B871 2008
082 _aREF 611
_bB79 2008
245 _aMy First book of the human body /
_cJohn H. Brook.
260 _aPhilippines :
_bWS Pacific Publications, Inc,
_cc2008.
300 _a16 p. ;
_bill. col. ;
_c21 cm. :
520 _a1. Human body--System. 2. Human anatomy.
521 _aBasic ed. students
541 _j1
562 _e1
942 _2lcc
_cBK-GR
_kREF
999 _c3719
_d3719